| 000 | 00362nam a2200157Ia 4500 | ||
|---|---|---|---|
| 003 | Ost | ||
| 005 | 20260225132600.0 | ||
| 008 | 260225s9999||||xx |||||||||||||| ||und|| | ||
| 040 | _cfsic | ||
| 041 | _afre | ||
| 082 | _a70.4 | ||
| 100 |
_afethi houid _eAuteur |
||
| 245 | 0 | _apresse radio et télévision en tunisie / | |
| 245 | 0 | _cfethi houid | |
| 942 | _cكتاب | ||
| 999 |
_c34736 _d34736 |
||